00419nam a2200133Ia 45000010005000000080041000050820021000461000099000672450052001662600018002185900007002369010027002439990015002704320241024s9999 xx 000 0 und d aRD/006.07/R426ma aRepública Dominicana. Ministerio de Educación, MINERD. Dirección General de Tecnología 0aManuales de capacitación tecnológica MINERD bSanto Domingo asi a30/8/2016 3:59:28 p.m. c9985d9985